La gringa /

Guardado en:
Autor Principal: Sánchez, Florencio
Formato: Libro
Publicado: Buenos Aires : Kapelusz, 1976
Edición:3a. ed.
Materias:
Etiquetas: Agregar Etiqueta
Sin Etiquetas, Sea el primero en etiquetar este registro!
LEADER 00559nam a22001935a 4500
001 CEM.cems006143
005 20060214000000.0
008 130507s1976##################000#0#####d
003 CEMS
082 0 4 |a U862.3 
100 1 |a Sánchez, Florencio 
245 1 0 |a La gringa / 
250 |a 3a. ed. 
260 |a Buenos Aires :  |b Kapelusz,  |c 1976 
300 |a 156 p. 
653 |a Literatura 
653 |a Literatura hispanoamericana 
859 |a CEMS  |b BIB. CEMS - 11 de abril  |h U862.3  |i Sa55a3  |p 4593.75  |t Ej.1 
859 |a CEMS  |b BIB. CEMS - 11 de abril  |h U862.3  |i Sa55a3  |p 6391.78  |t Ej.2